000 nam a22 7a 4500
999 _c10065
_d10065
008 180210b ||||| |||| 00| 0 eng d
100 _aNeil, WJ
_96090
245 _aHow to make money in stocks
260 _aNew york
_bMcgraw hill publication
_c1992